| 000 -LEADER |
| fixed length control field |
01323nam a2200253Ia 4500 |
| 001 - CONTROL NUMBER |
| control field |
23827 |
| 003 - CONTROL NUMBER IDENTIFIER |
| control field |
GE_BSU |
| 008 - FIXED-LENGTH DATA ELEMENTS--GENERAL INFORMATION |
| fixed length control field |
181216s||||||||xx |||||||||||||| ||und|| |
| 020 ## - INTERNATIONAL STANDARD BOOK NUMBER |
| International Standard Book Number |
99940-861-3-8 |
| 040 ## - CATALOGING SOURCE |
| Transcribing agency |
GE_BSU |
| 080 ## - UNIVERSAL DECIMAL CLASSIFICATION NUMBER |
| Universal Decimal Classification number |
94(479.22)(042.4) |
| 100 ## - MAIN ENTRY--PERSONAL NAME |
| Personal name |
სილოგავა, ვალერი., შენგელია, კახა |
| 245 ## - TITLE STATEMENT |
| Title |
საქართველოს ისტორია : უძველესი დროიდან "ვარდების რევოლუციის" ჩათვლით |
| 245 ## - TITLE STATEMENT |
| Remainder of title |
კონსპექტ. სალექციო კურსი |
| 250 ## - EDITION STATEMENT |
| Edition statement |
მე-2, შევსებული და შესწორებული გამოცემა |
| 260 ## - PUBLICATION, DISTRIBUTION, ETC. |
| Place of publication, distribution, etc. |
თბილისი |
| 260 ## - PUBLICATION, DISTRIBUTION, ETC. |
| Name of publisher, distributor, etc. |
კავკასიის უნ-ტის გამ-ბა |
| 260 ## - PUBLICATION, DISTRIBUTION, ETC. |
| Date of publication, distribution, etc. |
2007 |
| 300 ## - PHYSICAL DESCRIPTION |
| Extent |
412 გვ. : ილ. ; 24 სმ. |
| 300 ## - PHYSICAL DESCRIPTION |
| Accompanying material |
გენეალოგიური ტაბულები: გვ. 324-327. - საძიებლები: გვ. 367-407. |
| 653 ## - INDEX TERM--UNCONTROLLED |
| Uncontrolled term |
საქართველოს ისტორია : უძველესი დროიდან "ვარდების რევოლუციის" ჩათვლით |
| 942 ## - ADDED ENTRY ELEMENTS (KOHA) |
| Koha item type |
წიგნი |